Asymetrie během finančních krizí: asymetrická volatilita převyšuje důležitost asymetrické korelace

Asymetrické modely vo financiách. Asymetrické správanie aktív a najznámejšie modely, ktoré ich popisujú v obdobiach Mexickej, Ázijskej,Ruskej a Svetovej finančnej krízy.

Guardado en:
Detalles Bibliográficos
Autor principal: Frýd, Lukáš
Formato: Capítulo de libro
Lenguaje:checo
Materias:
Etiquetas: Agregar Etiqueta
Sin Etiquetas, Sea el primero en etiquetar este registro!

MARC

LEADER 00000naa a2200000 4500
001 0246535
005 20221104112112.0
041 0 |a cze 
044 |a CZ 
245 1 0 |a Asymetrie během finančních krizí: asymetrická volatilita převyšuje důležitost asymetrické korelace  |c Lukáš Frýd 
520 |a Asymetrické modely vo financiách. Asymetrické správanie aktív a najznámejšie modely, ktoré ich popisujú v obdobiach Mexickej, Ázijskej,Ruskej a Svetovej finančnej krízy. 
610 2 0 |a volatilita 
610 2 0 |a manažment finančný 
610 2 0 |a portfólio 
610 2 0 |a kríza finančná 
610 2 0 |a modely ekonomicko-matematické 
610 2 0 |a korelácia 
100 1 |a Frýd, Lukáš